000 00466nam a2200169 i 4500
001 21123
003 ES-MaACL
005 20230906152425.0
007 t|
008 021121s1864 fr ||||1| fre d
100 1 _aAlaux, J.
_919171
245 1 3 _aLa philosophie de M. Cousin /
_cpar J. Alaux.
260 _aParis, etc :
_bGermer Baillière,
_c1864 (
_fE. Martinet)
300 _a192 p. ;
_c18 cm.
600 0 4 _aCousin, Victor.
_941306
852 _aES-MaACL
_jF-12186
999 _c21123
_d21123